00423nam a22001577a 4500003000400000005001700004008004100021020001800062040002900080050002300109100003700132245003200169260003500201300001000236650001900246OSt20260630121956.0260630b |||||||| |||| 00| 0 eng d a0-325-00310-6 cChuka University Library aLB 1576b.F68 2001 aFountas C. Irene, Pinnell Su Gay aGuiding Readers and Writers aUnited StatesbHeinemannc2001 a630p. aLanguage Arts